|
|
|
|
| LEADER |
00638cam a2200193 7i4500 |
| 001 |
0000002778 |
| 005 |
20190619090000.0 |
| 020 |
|
|
|a 0072300922 (hbk.)
|
| 020 |
|
|
|a 9780072300925
|
| 090 |
0 |
0 |
|a QA935
|b .K47 2000
|
| 100 |
1 |
|
|a Kelly, S. Graham
|
| 245 |
1 |
0 |
|a Fundamentals of mechanical vibrations
|c S. Graham Kelly.
|
| 250 |
|
|
|a 2nd ed.
|
| 260 |
|
|
|a Boston:
|b McGraw-Hill,
|c 2000.
|
| 300 |
|
|
|a xi, 629 p.:
|b ill.;
|c 24 cm.
|
| 504 |
|
|
|a Includes bibliographical references and index
|
| 650 |
0 |
0 |
|a Vibration
|
| 997 |
|
|
|a Engineering & Life Sciences, Faculty
|b Engineering, Department
|
| 999 |
|
|
|a 0000002713
|b BOK
|c OPEN SHELF
|e 2nd Floor, Bestari Jaya
|